Name all EF-5 Tornadoes - Statistics

General Stats
  • This quiz has been taken 296 times
    181 since last reset
  • The average score is 7 of 10
Answer Stats
Year Answer % Correct
2011 Joplin
92%
2011 El Reno
87%
2013 Moore
86%
2007 Greensburg
77%
2025 Enderlin
76%
2011 Phil Campbell-Hackleburg
63%
2008 Parkersburg
61%
2011 Rainsville
59%
2011 Smithville
57%
2011 Philadelphia
50%
No matching quizzes found
Score Distribution
Percent of People with Each Score
Percentile by Number Answered
Your Score History
You have not taken this quiz since the last reset